000 00473nam a2200145Ia 4500
003 OSt
005 20260128122118.0
008 211028s2018 xx 000 0 und d
040 _cAIMIT LIBRARY
041 _aeng
100 _aRao, Anirudh; Wright, Rowena.
_g1616014
_97771
245 _aStudy on the customer perception towards private label brands or own brands with reference to big bazaar Shivamogga /
260 _aMangalore
_bRowena Wright.
_c2018
942 _2ddc
_cPRO
999 _c219339
_d219339